000 00399nam a2200133 i 4500
001 44719
003 ES-MaACL
007 t|
008 030324s1984 sp ||||1| spa d
245 0 0 _aCinematografía
_b: datos estadísticos, años 1982.
260 _a[Madrid] :
_bMinisterio de Cultura, Secretaría General Técnica,
_c[1984]
300 _a155 p. ;
_c29 cm.
852 _aES-MaACL
_jL-6328
_bR.106503
999 _c44719
_d44719